=LDR 00000nam 2200000 4500 =001 INLIS000000000030893 =005 20201216104759 =035 ##$$a 0010-061300000030893 =008 201216################e##########0#ind## =041 ##$$a ind =082 ##$$a 306 =090 ##$$a 306, Abd k =100 ##$$a Abdullah, Irwan =245 1#$$a Konstruksi dan reproduksi kebudayaan /$c Prof.Dr. Irwan Abdullah =260 ##$$a Yogyakarta :$b Pustaka Pelajar,$c 2006. =300 ##$$a xii,257 hlm, ; $c 24 x 16 cm =650 #4$$a Kebudayaan =850 ##$$a NBPNMAT =020 ##$$a 979-2458-63-8 =084 ##$$a 306 ABD k =250 ##$$a Cet. 1 =504 ##$$a Bibliografi : hlm.259-273 =520 ##$$a Biografi : hlm.275-276 =990 ##$$a 20901321 =990 ##$$a 20901324/Pb-2009 =990 ##$$a 20901323